000 00329nam a22001457a 4500
008 210426b ||||| |||| 00| 0 eng d
020 _a9780471150688
041 _aeng
080 _a338
082 _a338
100 _a53
101 _aMEN
245 _aStrategic Tools for Social Entreperneurs
_cDees,J.G
942 _2udc
_cBK
999 _c56758
_d56758